| 000 | 00749nam a2200241Ia 4500 | ||
|---|---|---|---|
| 003 | OSt | ||
| 005 | 20251110154818.0 | ||
| 008 | 220923b |||||||| |||| 00| 0 eng d | ||
| 020 | _a0816627673 | ||
| 037 | _cGeneral Book | ||
| 040 |
_aRTL _cRTL _beng |
||
| 041 |
_2eng _aeng |
||
| 084 |
_aY:3(P), N7 _qRTL |
||
| 100 |
_aDe Certeau, Michel _9850542 |
||
| 245 | 0 | _aCulture in the plural | |
| 260 |
_aMinneapolis _bUniversity of Minnesota Press _c1997 |
||
| 300 |
_aix,180 p. _bIncludes bibliographical references and index. |
||
| 650 |
_aSociology of Language _9231513 |
||
| 700 |
_aGiard, Luce _eEditor _9850543 |
||
| 700 |
_aConley, Tom _eTranslator _9850544 |
||
| 942 |
_hY:3(P), N7 _cGB _2CC _n0 |
||
| 999 |
_c590509 _d590509 |
||